000 00876nam a22002535i 4500
999 _c8023
_d8023
001 991061283894006706
003 OSt
005 20250514105222.0
008 250220s2025 sp |||||||||||0|| 0 spa|c
020 _a9791387552343
040 _cCDMR
_bcat
100 1 _aPolo, Irene,
_d1909-1942,
_eautor
245 1 4 _aUna intrusa en la prensa :
_bperiodismo y república (1927-1931) /
_cedición de Francesc Delgado
264 1 _aSevilla:
_bEditorial Renacimiento,
_c2025
300 _a348 pàgines ;
_c24 cm
490 1 _aLos cuatro vientos ;
_v19
504 _aInclou bibliografia
600 1 7 _aPolo, Irene,
_d1909-1942
650 7 _aPeriodisme
_zEspanya
_xHistòria
_y1927-1931
650 0 _aDones periodistes
_zCatalunya
_92913
_vBiografia
700 1 _aDelgado de Dios, Francesc,
_eeditor literari
830 0 _aCuatro vientos (Editorial Renacimiento) ;
_v19
942 _2udc
_cMON